K:lla alkavat Suomen kaupungit - Statistics

Yleistilastot
  • Tätä visaa on pelattu 122 kertaa
  • Keskiarvotulos 16 / 26
Vastaustilastot
Hint Vastaus % Oikein
Lappi Kemi
93%
Pohjois-Savo Kuopio
89%
Keski-Pohjanmaa Kokkola
88%
Kymenlaako Kouvola
87%
Kymenlaakso Kotka
79%
Kainuu Kajaani
78%
Uusimaa Kerava
74%
Keski-Suomi Keuruu
66%
Pohjois-Pohjanmaa Kuusamo
66%
Lappi Kemijärvi
62%
Varsinais-Suomi Kaarina
61%
Etelä-Pohjanmaa Kauhava
61%
Kainuu Kuhmo
61%
Pohjois-Pohjanmaa Kalajoki
60%
Uusimaa Kauniainen
60%
Pohjanmaa Kristiinankaupunki
57%
Satakunta Kankaanpää
55%
Etelä-Pohjanmaa Kauhajoki
55%
Uusimaa Karkkila
52%
Keski-Pohjanmaa Kannus
51%
Pirkanmaa Kangasala
50%
Pohjanmaa Kaskinen
49%
Etelä-Pohjanmaa Kurikka
49%
Satakunta Kokemäki
48%
Pohjois-Karjala Kitee
46%
Pohjois-Savo Kiuruvesi
44%
Ehtoja vastaavia visoja ei löytynyt
Tulosjakauma
Jokaisen tuloksen saaneiden osuus
Persentiili vastausten määrän mukaan
Tuloshistoriasi
Et ole pelannut tätä visaa